[Event "Barbera del Valles"]
[Site "XXXI Open del Valles"]
[Date "2008.07.13"]
[Round "9"]
[White "Danelia, Mariam"]
[Black "Companyo Pagerols, Josep Maria"]
[Result "1-0"]
[WhiteElo "2185"]
[BlackElo "2090"]
[PlyCount "129"]
[EventDate "2008.07.??"]
[EventType "swiss"]
[EventRounds "9"]
[EventCountry "ESP"]
[SourceDate "2008.07.04"]

1. d4 e6 2. c4 f5 3. Nc3 Nf6 4. Qc2 b6 5. e3 Bb7 6. f3 c5 7. a3 cxd4 8. exd4
Nc6 9. Be3 Rc8 10. c5 Ne7 11. b4 Ned5 12. Bf2 a5 13. Nxd5 Nxd5 14. Rb1 axb4 15.
axb4 Qg5 16. Nh3 Qh6 17. Qb3 Qg6 18. Bg3 Qh6 19. Bf2 g5 20. Be2 Be7 21. O-O Qg7
22. Kh1 O-O 23. Ng1 Rf6 24. Bb5 Bd8 25. Rbc1 Rh6 26. Bg3 g4 27. fxg4 Qxg4 28.
Qf3 Qg7 29. Be5 Qf7 30. Qb3 Rg6 31. Nf3 Rg4 32. Rce1 Bh4 33. Nxh4 Rxh4 34. Qg3+
Rg4 35. Qxg4+ fxg4 36. Rxf7 Kxf7 37. Bxd7 Ra8 38. b5 Ke7 39. c6 Bc8 40. Bxc8
Rxc8 41. Ra1 Kf7 42. Ra7+ Kg6 43. h3 h5 44. hxg4 hxg4 45. Rb7 Kf5 46. c7 Ke4
47. Rb8 Rxc7 48. Bxc7 Nxc7 49. Rxb6 Kxd4 50. Rb8 Kc5 51. b6 Na6 52. Re8 Kxb6
53. Rxe6+ Kb7 54. Rxa6 Kxa6 55. Kh2 Kb6 56. Kg3 Kc7 57. Kxg4 Kd8 58. Kf5 Ke8
59. Kg6 Kf8 60. Kh7 Kf7 61. g4 Kf6 62. Kh6 Kf7 63. g5 Kg8 64. Kg6 Kh8 65. Kf7
1-0

[Event "Barbera del Valles"]
[Site "XXXI Open del Valles"]
[Date "2008.07.13"]
[Round "9"]
[White "Ridameya Tatche, Jose Miguel"]
[Black "Moreto Quintana, Alex"]
[Result "1/2-1/2"]
[WhiteElo "2133"]
[BlackElo "2124"]
[PlyCount "106"]
[EventDate "2008.07.??"]
[EventType "swiss"]
[EventRounds "9"]
[EventCountry "ESP"]
[SourceDate "2008.07.04"]

1. d4 d5 2. Nf3 Nf6 3. c4 e6 4. Bg5 Nbd7 5. Nc3 c6 6. cxd5 exd5 7. e3 Be7 8.
Qc2 Nf8 9. Bd3 Ne6 10. Bh4 g6 11. Ne5 Ng7 12. Bg5 h6 13. Bf4 Bf5 14. h3 Bxd3
15. Qxd3 Ne6 16. Bh2 Rc8 17. O-O Kf8 18. Rac1 Nd7 19. Rfd1 Nxe5 20. Bxe5 Bf6
21. Bxf6 Qxf6 22. Nxd5 Qh4 23. Nc3 Kg7 24. Qe4 Qf6 25. f4 Rhe8 26. Qe5 Nf8 27.
Qxf6+ Kxf6 28. Kf2 g5 29. g3 Ng6 30. fxg5+ hxg5 31. Kf3 Kg7 32. Ne4 Rh8 33.
Nxg5 f6 34. Ne6+ Kf7 35. Nf4 Nxf4 36. Kxf4 Rxh3 37. d5 Rh2 38. dxc6 bxc6 39.
Rd7+ Kg6 40. g4 Rf2+ 41. Kg3 Rxb2 42. Rxa7 c5 43. Rc4 Rb4 44. Rxb4 cxb4 45. Rb7
Ra8 46. Rxb4 Rxa2 47. Rb5 Ra4 48. Kf3 Rc4 49. e4 Rd4 50. Kf4 Rd1 51. Rb3 Rf1+
52. Rf3 Re1 53. Re3 Rf1+ 1/2-1/2

[Event "Barbera del Valles"]
[Site "XXXI Open del Valles"]
[Date "2008.07.13"]
[Round "9"]
[White "Albets Armengol, Roland"]
[Black "Costa Trave, Jaume"]
[Result "1-0"]
[WhiteElo "1979"]
[BlackElo "2027"]
[PlyCount "81"]
[EventDate "2008.07.??"]
[EventType "swiss"]
[EventRounds "9"]
[EventCountry "ESP"]
[SourceDate "2008.07.04"]

1. d4 d5 2. e4 dxe4 3. Nc3 Bf5 4. f3 Nf6 5. fxe4 Nxe4 6. Qf3 Nd6 7. Bf4 Bc8 8.
O-O-O Nd7 9. h3 Nf6 10. g4 h6 11. Nge2 g5 12. Be5 Bg7 13. Ng3 c6 14. Bd3 Be6
15. Nge4 a5 16. Nc5 Bc8 17. Rde1 Kf8 18. Rhf1 b6 19. N5e4 Nde8 20. Ng3 Be6 21.
Qxc6 Rc8 22. Qf3 Kg8 23. Nf5 Bc4 24. Bxc4 Rxc4 25. Nxe7+ Kf8 26. Ned5 Rxc3 27.
Nxc3 Qd7 28. Qa8 Nxg4 29. hxg4 Bxe5 30. Rxe5 Kg7 31. Qf3 Rf8 32. Qd5 Qa7 33.
Ref5 f6 34. Ne4 Qe7 35. R5f2 Rf7 36. Re2 Qc7 37. Qf5 a4 38. a3 Qc4 39. Ng3 Nd6
40. Qe6 Qxd4 41. Qxd6 1-0

[Event "Barbera del Valles"]
[Site "XXXI Open del Valles"]
[Date "2008.07.13"]
[Round "9"]
[White "Bardera Gil, Sergi"]
[Black "Ortega Serra, Marc"]
[Result "1/2-1/2"]
[WhiteElo "2101"]
[BlackElo "1974"]
[PlyCount "29"]
[EventDate "2008.07.??"]
[EventType "swiss"]
[EventRounds "9"]
[EventCountry "ESP"]
[SourceDate "2008.07.04"]

1. e4 e6 2. d4 d5 3. Nd2 Nf6 4. e5 Nfd7 5. Bd3 c5 6. c3 Nc6 7. Ne2 Qb6 8. Nf3
Be7 9. O-O a6 10. a3 a5 11. Bc2 cxd4 12. cxd4 Nf8 13. Rb1 Ng6 14. Nf4 Bd7 15.
Be3 1/2-1/2